Countries with the Longest Coastlines A-Z - Statistics

General Stats
  • This quiz has been taken 323 times
  • The average score is 18 of 23
Answer Stats
Hint Answer % Correct
C Canada
99%
A Australia
96%
R Russia
95%
B Brazil
94%
I Indonesia
93%
O Oman
93%
U United States
93%
Q Qatar
92%
Y Yemen
92%
J Japan
91%
D Denmark
90%
V Vietnam
83%
N Norway
80%
M Mexico
78%
P Philippines
76%
H Haiti
75%
T Turkey
68%
G Greece
65%
E Estonia
60%
K Kiribati
60%
L Libya
57%
F F.S. of Micronesia
46%
S Solomon Islands
31%
No matching quizzes found
Score Distribution
Percent of People with Each Score
Percentile by Number Answered
Your Score History
You have not taken this quiz